000 00318nam a22001217a 4500
020 _a978-93-88952-38-5
082 _a894.812.3
_bKAN/K
100 _aKANAKARAGHAVAN
245 _aKARUTHA THADSUYUM VELUTHA THADIYUM
_bHIMALAYAN NADODO KATHAKAL
260 _aTHRISSUR
_bH&C
650 _aMALAYALAM STORY
_zKERALA
942 _cBK
999 _c7050
_d7050